00652nam a22001692 4500001001100000005001700011008004100028020002700069040001500096245010400111260004400215300001700259650005200276650007600328700003400404700004400438000000713820151217152024.0071120s xx 000 0 eng d a0821361252 :cKES 3000 aKABUcKABU10aGlobal integration and technology transfer /ced. by Bernard Hoekman and Beata Smarzynska Javorcik. aWashington, D. C. :bWorld Bank,c2006. axix, 346 p. 0aInternational economic integration.@0000151356 0aTechnology transferxEconmic aspectszDeveloping countries.@00001582181 aHoekman, Bernard.@00001582191 aJavorcik, Beata Smarzynska.@0000158220